000 00282nam a2200097Ia 4500
001 696174
005 20250826162007.0
008 250824s9999 xx 000 0 und d
245 0 _aMAİ VE SİYAH ÖZGÜN TAM METİN/H.Z.UŞAKLIGİL/EVEREST
_cHALİT ZİYA UŞAKLIGİL
260 _bEVEREST
999 _c696174
_d696174